000 00933nam a2200241 a 4500
001 BRCA_4274
005 20190320204617.0
008 891219r18411989mx-ah#####---#000-0#spa-#
041 _aspa
044 _amx
050 4 _aF1391.M4
_b.G83 1989
100 1 _aGualdi, Pedro
_d1809-1857
_99801
245 1 0 _aMonumentos de Méjico
_cPedro Gualdi ; presentación de Luis Ortiz Macedo.
260 _aMéxico
_bFomento Cultural Banamex
_c1989
300 _a1 v. (sin paginación)
_bil., 12 láminas sueltas
_c34 cm.
500 _aFacsímil de: Monumentos de Méjico: tomados del natural y litografiados por Pedro Gualdi en el año de 1841
500 _aPor su formato NO se presta a domicilio
650 1 4 _aMonumentos históricos
_zMéxico
_93156
651 4 _aCiudad de México
_xEdificios, estructuras, etc.
_91264
651 4 _aCiudad de México
_xArquitectura
_ySiglo XIX
_911010
700 1 _aOrtiz Macedo, Luis
_91569
942 _2lcc
_cB
999 _c3985
_d3985